[Event "New Delhi Parsvnath blitz op 18th"]
[Site "New Delhi"]
[Date "2020.01.14"]
[Round "2"]
[White "Ayush, Sharma"]
[Black "Krishna, Bajaj"]
[Result "1-0"]
[WhiteElo "1996"]
[BlackElo "1623"]
[PlyCount "63"]
[EventDate "2020.01.14"]
[EventType "swiss (blitz)"]
[EventRounds "9"]
[EventCountry "IND"]
[SourceTitle "CBM 194 Extra"]
[Source "ChessBase"]
[SourceDate "2020.03.31"]
[SourceVersion "1"]
[SourceVersionDate "2020.03.31"]
[SourceQuality "1"]

1. e4 c5 2. Nf3 d6 3. d4 cxd4 4. Nxd4 Nf6 5. Nc3 a6 6. Bg5 e6 7. f4 Be7 8. Qf3 Qc7 9. 0-0-0 Nbd7 10. g4 h6 11. Bxf6 Bxf6 12. h4 Qb6 13. Nb3 Qc7 14. Nd4 Qb6 15. Nde2 Qc7 16. g5 Be7 17. Nd4 Nc5 18. f5 Bd7 19. g6 fxg6 20. fxe6 Nxe6 21. Nd5 Qd8 22. Bh3 Nxd4 23. Bxd7+ Qxd7 24. Rxd4 Qc6 25. Qg4 g5 26. Qe6 Qd7 27. Qg6+ Kd8 28. Qxg7 Re8 29. Rhd1 Qc6 30. Nxe7 Rxe7 31. Rxd6+ Ke8 32. Qg8# 1-0

[Event "New Delhi Parsvnath blitz op 18th"]
[Site "New Delhi"]
[Date "2020.01.14"]
[Round "3"]
[White "Krishna, Bajaj"]
[Black "Prasenjit, Dutta"]
[Result "0-1"]
[WhiteElo "1623"]
[BlackElo "2285"]
[PlyCount "100"]
[EventDate "2020.01.14"]
[EventType "swiss (blitz)"]
[EventRounds "9"]
[EventCountry "IND"]
[SourceTitle "CBM 194 Extra"]
[Source "ChessBase"]
[SourceDate "2020.03.31"]
[SourceVersion "1"]
[SourceVersionDate "2020.03.31"]
[SourceQuality "1"]

1. d4 d6 2. c4 Nd7 3. Nc3 e5 4. Nf3 c6 5. dxe5 dxe5 6. e4 Ngf6 7. Be2 Be7 8. h3 0-0 9. Be3 Qc7 10. 0-0 Nc5 11. Qc2 Ne6 12. Rfd1 Bc5 13. Bxc5 Nxc5 14. b4 Ne6 15. c5 Nf4 16. Bc4 Qe7 17. Ne2 N6h5 18. Nxf4 Nxf4 19. Qb2 Ng6 20. Rd6 Kh8 21. Rad1 f5 22. Rxg6 hxg6 23. Nxe5 Kh7 24. exf5 Bxf5 25. Rd6 Rae8 26. f4 Qh4 27. Qf2 Qxf2+ 28. Kxf2 g5 29. g3 gxf4 30. gxf4 Bxh3 31. Kg3 Bf5 32. a4 Rd8 33. b5 Rxd6 34. cxd6 Rd8 35. bxc6 bxc6 36. d7 Bxd7 37. Bd3+ Kg8 38. Bc4+ Kf8 39. Kh4 Be8 40. Kg5 Rd4 41. Kf5 Ke7 42. Kg4 Rd1 43. Kf3 Ra1 44. Bb3 c5 45. Ke4 Bxa4 46. Bxa4 Rxa4+ 47. Kf5 c4 48. Nc6+ Kd6 49. Nd4 c3 50. Kg6 Rxd4 0-1